|
|
|
|
| LEADER |
00000cam a2200000 7i4500 |
| 001 |
0000001476 |
| 005 |
20010702.0 |
| 020 |
0 |
0 |
|a 0198541368
|
| 090 |
0 |
0 |
|a 577.30913
|b WHI 1984
|
| 100 |
1 |
0 |
|a WHITMORE
|h T. C. [
|q (Timothy Charles)]
|
| 245 |
1 |
0 |
|a Tropical rain forests of the Far East
|c T.C. Whitmore
|f with a chapter on soils by C.P. Burnham
|
| 250 |
0 |
0 |
|a 2nd ed.
|
| 260 |
0 |
0 |
|a Oxford :
|b Clarendon Press ,
|c 1984
|
| 300 |
|
|
|a xv, 352 p. :
|b ill. ;
|c 29 cm.
|
| 500 |
0 |
0 |
|a Includes [bibliography : p. 297-328] and index
|
| 650 |
0 |
0 |
|a Forests and forestry
|z Asia, Southeastern
|
| 650 |
0 |
0 |
|a Rain forest ecology
|z Asia, Southeastern
|
| 650 |
0 |
0 |
|a Rain forest
|z Asia, Southeastern
|
| 700 |
0 |
1 |
|a Burnham
|h C. P.
|
| 998 |
|
|
|a JPSM
|
| 999 |
|
|
|a 0000005847
|b Monograph
|c Open Shelf
|e Default branch
|